Czech republic (Czechia) A-Z - Statistics

General Stats
  • This quiz has been taken 129 times
  • The average score is 14 of 26
Answer Stats
Letter Hint Answer % Correct
B Second largest city Brno
94%
E Czechia joined in 2004 European union
92%
N Czechia joined this organization in 1999 NATO
88%
L National animal Lion
80%
O Third largest city Ostrava
78%
D Throwing someone out of a window Defenestration
72%
V River which flows through Prague Vltava
69%
Z President from 2013 to 2023 Zeman
67%
H Protestant movement which fought against Catholics Hussites
59%
T Concentration camp Terezín
59%
I "Jmenuji se ___ Hnízdo" (film quote) Igor
56%
S Region bordering Poland: Czech ___ Silesia
55%
R Czech food similar to a bun Rohlík
53%
G The city Pardubice is known for this food (in english) Gingerbread
51%
A Dog name (similar to a Portuguese archipelago) Azor
45%
M Drug which is very widespread in Czechia Methamphetamine
45%
J Fortune-telling romani woman who became a meme Jolanda
42%
P Vodník is a folklore creature which inhabits ___ Ponds
42%
K His music was banned during the communist regime Kryl
38%
W Czech author and actor Werich
36%
X Pop singer Xindl X
35%
Y Rapper who looks like the Russian sleep experiment Yzomandias
34%
U Widely disliked TV show Ulice
33%
F A lot of people ___ for mushrooms in autumn Forage
18%
C Romani settlement notable for its poverty Chánov
17%
Q How "kvak" (the sound of a frog) is pronounced Quck
5%
No matching quizzes found
Score Distribution
Percent of People with Each Score
Percentile by Number Answered
Your Score History
You have not taken this quiz